Historia dla opornych (part 1) - Statystyki

Ogólne statystyki
  • Ten quiz został rozwiązany 544 razy
  • Średni wynik to 7 z 9
Statystyki odpowiedzi
Zagadnienie Odpowiedź % Poprawnych
W którym roku był chrzest Polski? 966
100%
Kto został królem Polski w 1333? Kazimierz III Wielki
100%
Jakie było o nim przysłowie? (król w pytaniu 8) "Zastał Polskę drewnianą zostawił murowaną"
91%
Zjazd Gnieźnieński był w roku: 1000
82%
Kto był pierwszym królem Polski? Bolesław Chrobry
82%
Kto został królem jak skończyło się rozbicie? Władysław Łokietek
82%
W którym roku był rozbicie dzielnicowe w polsce? 1138
64%
Jeśli jest taki rok to ile rozbicie trwało? 182
55%
Mieszko I był: Pierwszym władcą zapisanym w kronikach
55%
Nie znaleziono quizów pasujących do podanych kryteriów
Rozkład punktacji
Procent ludzi z każdym wynikiem
Percentyl według liczby udzielonych odpowiedzi
Twoja historia wyników
Nie rozwiązałeś tego quizu